000 00744nam a2200265Ia 4500
003 OSt
005 20221006142007.0
006 a|||||r|||| 00| 0
007 ta
008 221006b |||||||| |||| 00| 0 jpn d
020 _c¥12500
024 _a4,895
037 _bGift, Japan Foundation
_cTextual
040 _aEASL
_cEASL
_bjpn
041 _2jpn
_ajpn
082 _aX:322-8.42.N8, M5
100 _aOISHI Kaichiro
_9646643
245 0 _aKindai nihon ni okeru jinushi keiei no tenkai
260 _aTokyo
_bOcha No Mizu Shobo Japan
_c1985
300 _a706p.
_ccm.
490 _v JL
650 _aJL
942 _hX:322-8.42.N8, M5
_cTEXL
_2CC
999 _c1072981
_d1072981